000 00830nam a2200193 i 4500
001 153470
003 ES-MaACL
005 20230906205233.0
008 000114s1868 sp |||| | spa d
040 _aCCPB | B
_bspa
_cCCPB | B
245 0 0 _aDiccionario general de política y administración
_b: tomo primero /
_cpublicado bajo la direccion de D. Estanislao Suárez Inclán y D. Francisco Barca, con la colaboración de varios jurisconsultos, publicistas y hombres de estado.
260 _aMadrid :
_b[s.n.],
_c1868 (
_fimprenta de la Biblioteca Universal Económica)
300 _a1040 p. ;
_c27 cm.
597 _aTexto a dos col.
597 _aSegún BN no se publicaron más tomos.
700 1 _aSuarez Inclán, Estanislao.
_9132942
700 0 _aBarca, Francisco.
_925489
852 _aES-MaACL
_jB-11273
_z-- Enc. hol.
999 _c153470
_d153470